Statistiques concernant Capitales du Monde avec la lettre Y

Cliquez ici pour prendre le quiz!

Statistiques générales

  • Ce quiz a été pris 118 fois
  • Le résultat moyen est 5 sur 13

Statistiques - réponses

Réponse % Correct
Yamoussoukro
65%
Yaoundé
61%
Tokyo
54%
Reykjavik
51%
Pyongyang
50%
Yaren
47%
Riyad
44%
Beyrouth
38%
Niamey
35%
Conakry
26%
Naypyidaw
21%
Port Moresby
21%
Sri Jayawardenapura
14%

Distribution des résultats

Percentile par nombre de réponses

% des personnes avec chaque résultat

Votre développement - résultats

Vous n’avez pas pris ce quiz